000 01474cam a2200349 i 4500
999 _c7464
_d7464
005 20200309092010.0
008 161121s2016 flu b 001 0 eng
010 _a 2016045141
020 _a9781138029675 (hardcover : alk. paper)
020 _z9781315375090 (eBook)
040 _aDLC
_beng
_erda
_cDLC
041 1 _aeng
_hfre
042 _apcc
050 0 0 _aTH4860
_b.E2513 2016
082 0 0 _a711/.4
_223
_bPEU
130 0 _aEco-conception des ensembles bâtis et des infrastructures.
_lEnglish.
245 1 0 _aEco-design of buildings and infrastructure /
_ceditors, Bruno Peuportier, MINES ParisTech, Fabien Leurent, Ecole des ponts ParisTech, Jean Roger-Estrade, AgroParisTech.
300 _axiv, 381 pages ;
_c26 cm
490 0 _aSustainable cities research series,
_x2472-2502 ;
_vvolume 1
500 _a"A Balkema book."
504 _aIncludes bibliographical references and index.
650 0 _aEcological houses.
650 0 _aUrban transportation.
650 0 _aSustainable urban development.
700 1 _aPeuportier, Bruno,
_eeditor.
700 1 _aLeurent, Fabien,
_eeditor.
700 1 _aRoger-Estrade, Jean,
_eeditor.
776 0 8 _iOnline version:
_dLeiden, The Netherlands : CRC Press/Balkema, [2016]
_z9781315375090
_w(DLC) 2016053980
906 _a7
_bcbc
_corignew
_d1
_eecip
_f20
_gy-gencatlg
942 _2ddc